Which Arabian Country… - Statistics

General Stats
  • This quiz has been taken 10 times
    1 since last reset
  • The average score is 20 of 24
Answer Stats
Hint Answer % Correct
…is only about four times the size of Washington DC? Bahrain
100%
…is made up of 33 different islands? Bahrain
100%
…consists of the majority of what was once Mesopotamia? Iraq
100%
…did US president George W. Bush have a shoe thrown at him? Iraq
100%
…is home to the lowest point on Earth at the Dead Sea? Jordan
100%
…is home to the world’s oldest statues, built around 7500 BC? Jordan
100%
…has the highest-valued currency in the world? Kuwait
100%
…was invaded by Iraq in 1990? Kuwait
100%
…is the origin of the curved khanjar dagger, found on its national emblem and currency? Oman
100%
…hosted the World Cup in 2022? Qatar
100%
…is the news organization Al Jazeera based? Qatar
100%
…is part of the Hajj, an Islamic pilgrimage and one of the five pillars of Islam? Saudi Arabia
100%
…is the world’s leading exporter of oil? Saudi Arabia
100%
…is home to the tallest building in the world? United Arab Emirates
100%
…has several man-made islands made to look like palm trees/a map of the world? United Arab Emirates
100%
…has the highest percentage of expats in the world? United Arab Emirates
100%
…has been the site of an ongoing severe humanitarian crisis since 2014? Yemen
100%
…sits in Asia, but whose island of Socotra is considered a part of Africa? Yemen
100%
…is comprised of two halves, which unified in 1990? Yemen
100%
…is home to hundreds of mud-brick skyscrapers that are over 1,500 years old? Yemen
100%
…was the site of the ancient Dilmun civilization? Bahrain
0%
…is known for their extremely high consumption of Mountain Dew? Oman
0%
…has the shahada on its flag? Saudi Arabia
0%
…is roughly 95% desert? Saudi Arabia
0%
No matching quizzes found
Score Distribution
Percent of People with Each Score
Percentile by Number Answered
Your Score History
You have not taken this quiz since the last reset